000 00331nam a2200145Ia 4500
100 _aShah/Paresh
942 _cBK
366 _f17.5
654 _aaccounting
245 _aBasic Financial Accounting for Management
260 _bOxford Higher Education
_c2007
082 _a657.48/SHA
_bSHA
300 _a594
546 _aENGLISH
999 _c35711
_d35711